Catálogo
 En Linea

Memoria sintética que sobre la labor realizada durante el año 1933 presenta el Sr. J. Antonio Hungria, secretario general de la institución, ante la Asamblea General celebrada el 29 de enero de 1934. (Registro nro. 31901)

Detalles MARC
000 -CABECERA
campo de control de longitud fija 00684nam a2200157 a 4500
001 - NÚMERO DE CONTROL
campo de control 000032410
005 - FECHA Y HORA DE LA ÚLTIMA TRANSACCIÓN
campo de control 20200930065627.0
008 - DATOS DE LONGITUD FIJA--INFORMACIÓN GENERAL
campo de control de longitud fija 110715s1934 dr c 000 0 spa d
040 ## - FUENTE DE LA CATALOGACIÓN
Centro catalogador/agencia de origen DO-SdBNP
Lengua de catalogación spa
Centro/agencia transcriptor BNPHU
049 ## - FONDOS LOCALES (OCLC)
Fondos de biblioteca xxxx
-- R426m
049 ## - FONDOS LOCALES (OCLC)
Fondos de biblioteca BNPD
110 1# - ENTRADA PRINCIPAL--NOMBRE DE ENTIDAD CORPORATIVA
Nombre de entidad corporativa o nombre de jurisdicción como elemento de entrada República Dominicana.
Unidad subordinada Cámara de Comercio, Industria y Agricultura
9 (RLIN) 58344
245 10 - MENCIÓN DE TÍTULO
Título Memoria sintética que sobre la labor realizada durante el año 1933 presenta el Sr. J. Antonio Hungria, secretario general de la institución, ante la Asamblea General celebrada el 29 de enero de 1934.
260 ## - PUBLICACIÓN, DISTRIBUCIÓN, ETC.
Lugar de publicación, distribución, etc. [Ciudad Trujillo, República Dominicana] :
Nombre del editor, distribuidor, etc. Imprenta La Nación,
Fecha de publicación, distribución, etc. 1934.
300 ## - DESCRIPCIÓN FÍSICA
Extensión 157 p. :
Otras características físicas retr.
-- 23 cm.
Existencias
Estado de retiro Estado de pérdida No para préstamo Código de colección Localización permanente Ubicación/localización actual Ubicación en estantería Fecha de adquisición Número de inventario Total de préstamos Signatura topográfica completa Código de barras Fecha visto por última vez Precio válido a partir de Tipo de ítem Koha Nota pública
    Excluido de préstamo Patrimonio Dominicano Patrimonio Dominicano Patrimonio Dominicano En catalogación 15.07.2011 LF1   32410-10 25.06.2020 25.06.2020 Libro y Folleto Colección Patrimonio Dominicano Perteneció a la biblioteca personal de Julio Ortega Frier

Con tecnología Koha